30 größten Länder der Erde - Statistiken

Allgemein
  • Dieses Quiz wurde 105 mal gespielt
  • Das Durchschnittsergebnis liegt bei 25 aus 30
Antwortstatistiken
Einwohner Land % Korrekt
1.419.321.278 China
99%
144.820.423 Russland
99%
211.998.573 Brasilien
97%
66.548.530 Frankreich
97%
1.450.935.791 Indien
97%
345.426.571 Vereinigte Staaten von Amerika
96%
84.552.242 Deutschland
93%
123.753.041 Japan
93%
130.861.007 Mexiko
93%
283.487.931 Indonesien
89%
69.138.192 Vereinigtes Königreich
87%
116.538.258 Ägypten
86%
109.276.265 Demokratische Republik Kongo
86%
212.915.636 Nigeria
86%
71.668.011 Thailand
86%
91.567.738 Iran
85%
59.342.867 Italien
85%
87.473.805 Türkei
85%
251.269.164 Pakistan
84%
64.007.187 Südafrika
84%
173.562.364 Bangladesch
79%
52.886.363 Kolumbien
76%
100.987.686 Vietnam
76%
51.717.590 Südkorea
74%
115.843.670 Philippinen
73%
132.059.767 Äthiopien
71%
54.500.091 Myanmar
60%
50.448.963 Sudan
60%
56.432.944 Kenia
57%
68.560.157 Tansania
55%
Keine übereinstimmenden Quizze gefunden
Verteilung der Resultate
Anzahl Personen mit jedem Resultat
Perzentil nach korrekt beantworteten Fragen
Ihre Resultats-Entwicklung
Sie haben dieses Quiz noch nicht gespielt